[Event "Mundial Juvenil femenino 2005 s14"]
[Site "Belfort FRA"]
[Date "2005.07.30"]
[Round "11.2"]
[White "Ramya, Krishna I"]
[Black "Bodnaruk, Anastasia"]
[Result "0-1"]
[WhiteElo "2165"]
[BlackElo "2165"]
[PlyCount "94"]
[EventDate "2005.07.19"]
[EventType "swiss"]
[EventRounds "11"]
[EventCountry "FRA"]
[Source "lmi"]
[SourceDate "2005.07.31"]

1. d4 Nf6 2. c4 g6 3. Nc3 Bg7 4. e4 d6 5. f4 O-O 6. Nf3 c5 7. d5 Bg4 8. Be2
Bxf3 9. Bxf3 Nfd7 10. O-O Na6 11. Be3 Nc7 12. a3 a6 13. a4 Rb8 14. Qd3 b5 15.
axb5 axb5 16. cxb5 Nb6 17. e5 Qd7 18. Qe2 h5 19. Ra7 Nc8 20. e6 Qd8 21. exf7+
Rxf7 22. Raa1 Qe8 23. Qd3 Rf6 24. Ra5 Nb6 25. Be4 e6 26. Ra7 Ncxd5 27. Nxd5
exd5 28. Bxd5+ Nxd5 29. Qxd5+ Qe6 30. Qd3 c4 31. Qd2 Rxb5 32. Bd4 Rf7 33. Ra8+
Kh7 34. Bxg7 Rxg7 35. Re1 Rxb2 36. Qd1 Qg4 37. Qxg4 hxg4 38. Ree8 Rc7 39. Rh8+
Kg7 40. Rag8+ Kf6 41. Rf8+ Ke6 42. Rhg8 c3 43. Rxg6+ Kd5 44. Rd8 Rc6 45. Rg5+
Kd4 46. f5 c2 47. Rxg4+ Kd5 0-1

[Event "Mundial Juvenil femenino 2005 s14"]
[Site "Belfort FRA"]
[Date "2005.07.30"]
[Round "11.3"]
[White "Muzychuk, Mariya"]
[Black "Melekhina, Alisa"]
[Result "1-0"]
[WhiteElo "2113"]
[BlackElo "2163"]
[PlyCount "125"]
[EventDate "2005.07.19"]
[EventType "swiss"]
[EventRounds "11"]
[EventCountry "FRA"]
[Source "lmi"]
[SourceDate "2005.07.31"]

1. e4 e5 2. Nf3 Nc6 3. Bc4 g6 4. d4 exd4 5. Nxd4 Nxd4 6. Qxd4 Qf6 7. Qxf6 Nxf6
8. Nc3 Bb4 9. Bd2 O-O 10. f3 a6 11. O-O-O d6 12. Rhe1 Re8 13. a3 Bxc3 14. Bxc3
Nd7 15. f4 Nb6 16. Bb3 Bg4 17. Rd3 Be6 18. Bxe6 Rxe6 19. e5 Rae8 20. Red1 dxe5
21. Bxe5 c6 22. Rd8 Nd5 23. Rxe8+ Rxe8 24. g3 f6 25. Bd4 b5 26. b3 Re4 27. Kb2
Re2 28. h4 Kf7 29. Kc1 Ke6 30. Rd2 Re4 31. Rd3 Kf5 32. Kd2 b4 33. a4 Kg4 34. c4
bxc3+ 35. Bxc3 Kh3 36. Kd1 Re3 37. Rxe3 Nxe3+ 38. Ke2 Nf5 39. Kf3 Nxg3 40. Bxf6
h5 41. b4 Nf5 42. Ke4 Nxh4 43. Kd4 Nf3+ 44. Kc5 Kg4 45. Kxc6 Kxf4 46. b5 axb5
47. axb5 h4 48. b6 h3 49. b7 h2 50. b8=Q+ Kf5 51. Qb1+ Kxf6 52. Qf1 h1=Q 53.
Qxh1 Ne5+ 54. Kd5 Ng4 55. Qf1+ Kg5 56. Ke4 Kh4 57. Qh1+ Kg3 58. Qf3+ Kh4 59.
Kf4 g5+ 60. Kf5 Nh6+ 61. Kg6 g4 62. Qh1+ Kg3 63. Kxh6 1-0

[Event "Mundial Juvenil femenino 2005 s14"]
[Site "Belfort FRA"]
[Date "2005.07.30"]
[Round "11.4"]
[White "Genzling, Sylvie"]
[Black "Kharisma, Irine"]
[Result "0-1"]
[WhiteElo "1968"]
[BlackElo "2010"]
[PlyCount "86"]
[EventDate "2005.07.19"]
[EventType "swiss"]
[EventRounds "11"]
[EventCountry "FRA"]
[Source "lmi"]
[SourceDate "2005.07.31"]

1. e4 c5 2. Nf3 g6 3. d4 cxd4 4. Nxd4 Bg7 5. c4 Nc6 6. Be3 Nf6 7. Nc3 O-O 8.
Be2 d6 9. O-O Nxd4 10. Bxd4 Be6 11. Qd2 Qa5 12. Rad1 Rfe8 13. Bxf6 Bxf6 14. Nd5
Qxa2 15. Nc7 Bxc4 16. Nxe8 Rxe8 17. Ra1 Qb3 18. Rxa7 Bxe2 19. Qxe2 Bxb2 20. h4
Bd4 21. Ra5 b6 22. Rd5 Bc5 23. h5 e5 24. h6 f5 25. Qa6 Kf7 26. Rd3 Qe6 27. exf5
gxf5 28. Rh3 Rg8 29. Ra1 Qd5 30. Qf1 b5 31. g3 b4 32. Qe2 b3 33. Kh2 Bd4 34.
Rb1 Rc8 35. Qh5+ Kf6 36. Qh4+ Ke6 37. Qg5 Qf3 38. g4 Qxf2+ 39. Kh1 b2 40. gxf5+
Qxf5 41. Qxf5+ Kxf5 42. Rf1+ Ke6 43. Rb3 Rc1 0-1

[Event "Mundial Juvenil femenino 2005 s14"]
[Site "Belfort FRA"]
[Date "2005.07.30"]
[Round "11.5"]
[White "Winkelmann, Elena"]
[Black "Guramishvili, Sopiko"]
[Result "1-0"]
[WhiteElo "2040"]
[BlackElo "2104"]
[PlyCount "51"]
[EventDate "2005.07.19"]
[EventType "swiss"]
[EventRounds "11"]
[EventCountry "FRA"]
[Source "lmi"]
[SourceDate "2005.07.31"]

1. c4 Nf6 2. d4 e6 3. Nf3 b6 4. a3 Ba6 5. Qc2 Bb7 6. Nc3 c5 7. dxc5 bxc5 8. e4
d6 9. Bg5 h6 10. Bxf6 Qxf6 11. Nb5 Nc6 12. Nc7+ Kd7 13. Nxa8 Bxa8 14. Rd1 g5
15. Be2 Bg7 16. e5 Nxe5 17. Nxe5+ Qxe5 18. Qa4+ Kd8 19. O-O Qxe2 20. Qxa7 Qe4
21. Rxd6+ Kc8 22. Qxc5+ Kb8 23. f3 Qe5 24. Qb6+ Kc8 25. Rfd1 Bf6 26. Rd7 1-0

[Event "Mundial Juvenil femenino 2005 s14"]
[Site "Belfort FRA"]
[Date "2005.07.30"]
[Round "11.6"]
[White "Smith, Hazel"]
[Black "Jussupow, Ekaterina"]
[Result "0-1"]
[WhiteElo "2023"]
[BlackElo "1992"]
[PlyCount "58"]
[EventDate "2005.07.19"]
[EventType "swiss"]
[EventRounds "11"]
[EventCountry "FRA"]
[Source "lmi"]
[SourceDate "2005.07.31"]

1. e4 e5 2. Nf3 Nf6 3. Nc3 Bb4 4. Nxe5 O-O 5. Be2 Re8 6. Nd3 Bxc3 7. dxc3 Nxe4
8. O-O d5 9. Nf4 c6 10. Be3 Bf5 11. Nh5 Nd7 12. Bd4 Ndf6 13. f3 Ng5 14. Bxf6
gxf6 15. h4 Ne6 16. g4 Bg6 17. Ng3 Qd6 18. Kh2 Nf4 19. Rf2 Re3 20. h5 Nxe2 21.
Rxe2 Rxf3 22. Rg2 Be4 23. Qd2 Kh8 24. Re1 Qc7 25. Rgg1 Rg8 26. Ref1 Rxg4 27.
Rxf3 Bxf3 28. Kh3 Qd7 29. Qf2 Rh4+ 0-1

[Event "Mundial Juvenil femenino 2005 s14"]
[Site "Belfort FRA"]
[Date "2005.07.30"]
[Round "11.7"]
[White "Skinke, Katrina"]
[Black "Porat, Maya"]
[Result "1/2-1/2"]
[WhiteElo "2100"]
[BlackElo "1948"]
[PlyCount "128"]
[EventDate "2005.07.19"]
[EventType "swiss"]
[EventRounds "11"]
[EventCountry "FRA"]
[Source "lmi"]
[SourceDate "2005.07.31"]

1. e4 e5 2. Nf3 Nc6 3. Bc4 Bc5 4. d3 Nf6 5. c3 d6 6. O-O O-O 7. Nbd2 Be6 8. Bb5
a6 9. Ba4 b5 10. Bc2 h6 11. Nb3 Bb6 12. Be3 d5 13. Bxb6 cxb6 14. exd5 Nxd5 15.
Re1 Qd6 16. d4 Bg4 17. Qd3 Nf6 18. Nxe5 Nxe5 19. Rxe5 Rad8 20. Rae1 g6 21. Qg3
Kg7 22. h3 Bc8 23. Nd2 Nd7 24. R5e3 Qxg3 25. Rxg3 Rfe8 26. Rge3 Nf6 27. Nf3 Be6
28. a3 Nd5 29. Re5 Nc7 30. R5e2 f6 31. Nd2 Bf7 32. Be4 Bc4 33. Re3 Kf7 34. Bc6
Re6 35. Rxe6 Bxe6 36. Bf3 a5 37. Ne4 b4 38. axb4 axb4 39. Ra1 bxc3 40. bxc3 f5
41. Ra7 Rd7 42. Nd6+ Kf6 43. Nc8 Nb5 44. Rxd7 Bxd7 45. Nxb6 Ke7 46. Nd5+ Kd6
47. Nf4 Nxc3 48. Nxg6 Nb5 49. d5 Nd4 50. Nh4 Nxf3+ 51. Nxf3 Kxd5 52. Kf1 Ke4
53. Nd2+ Kf4 54. g3+ Kg5 55. Nf3+ Kf6 56. Ke2 f4 57. g4 Bb5+ 58. Kd2 Kg6 59.
Nd4 Bd7 60. f3 h5 61. Ke2 Kg5 62. gxh5 Bxh3 63. Kd3 Kxh5 64. Ne2 Kg5 1/2-1/2

[Event "Mundial Juvenil femenino 2005 s14"]
[Site "Belfort FRA"]
[Date "2005.07.30"]
[Round "11.8"]
[White "Rysbayeva, Algerim"]
[Black "Le, Hoan Tran Chau"]
[Result "0-1"]
[WhiteElo "1599"]
[BlackElo "1599"]
[PlyCount "126"]
[EventDate "2005.07.19"]
[EventType "swiss"]
[EventRounds "11"]
[EventCountry "FRA"]
[Source "lmi"]
[SourceDate "2005.07.31"]

1. e4 d5 2. exd5 Qxd5 3. Nc3 Qd6 4. d4 Nf6 5. Nf3 c6 6. h3 Bf5 7. Bd3 Bxd3 8.
Qxd3 e6 9. Be3 Nd5 10. Nxd5 cxd5 11. O-O Be7 12. Ne5 O-O 13. f4 f6 14. Nf3 Nc6
15. Bd2 Rac8 16. Rae1 Rfe8 17. a3 Bf8 18. Qe3 Nb8 19. Bb4 Qc7 20. Bxf8 Kxf8 21.
c3 Nc6 22. Re2 Na5 23. Rfe1 Qd7 24. Nh4 Nc4 25. Qd3 Kg8 26. Qg3 Nd6 27. Qg4 Ne4
28. f5 e5 29. dxe5 fxe5 30. Rd1 Nf6 31. Qg5 e4 32. g3 Qb5 33. Qe3 Nd7 34. Ng2
Ne5 35. Nf4 Nf3+ 36. Kg2 Re5 37. g4 Qb3 38. Rf1 a5 39. Kg3 Qc4 40. Ne6 Rxe6 41.
fxe6 Rf8 42. Kg2 Qc7 43. Rh1 Nh4+ 44. Kg1 Rf3 45. Qd2 e3 46. e7 Qxe7 47. Qxd5+
Kh8 48. Qc4 h6 49. Rhh2 Qd6 50. Qd4 Qg3+ 51. Rhg2 Nxg2 52. Qd8+ Kh7 53. Qd3+ g6
54. Qd7+ Kg8 55. Qd5+ Kf8 56. Qd8+ Kf7 57. Qd7+ Kf6 58. Qd6+ Kg5 59. Qd8+ Rf6
60. Rxg2 Qe1+ 61. Kh2 Qf1 62. Qe7 Qf4+ 63. Kg1 Kh4 0-1

[Event "Mundial Juvenil femenino 2005 s14"]
[Site "Belfort FRA"]
[Date "2005.07.30"]
[Round "11.9"]
[White "Kulon, Klaudia"]
[Black "Vince, Viola"]
[Result "1-0"]
[WhiteElo "2069"]
[BlackElo "1816"]
[PlyCount "67"]
[EventDate "2005.07.19"]
[EventType "swiss"]
[EventRounds "11"]
[EventCountry "FRA"]
[Source "lmi"]
[SourceDate "2005.07.31"]

1. e4 c5 2. Nf3 e6 3. d4 cxd4 4. Nxd4 a6 5. Nc3 b5 6. a3 Bb7 7. g3 Nf6 8. Bg2
Qc7 9. O-O d6 10. Be3 Be7 11. f4 Nc6 12. Nb3 Nd7 13. Qh5 g6 14. Qe2 h5 15. h3
Nb6 16. Nd2 Bf6 17. Qf2 Nd7 18. f5 O-O-O 19. fxe6 fxe6 20. a4 b4 21. Ne2 Bxb2
22. Rab1 Rdf8 23. Nf3 Bg7 24. Nf4 Rf6 25. c3 g5 26. Nxg5 Rhf8 27. Qa2 Qa5 28.
Ngxe6 Rxf4 29. Bxf4 Rf7 30. Nxg7 Rxg7 31. cxb4 Nxb4 32. Qb2 Qb6+ 33. Kh2 a5 34.
Qxg7 1-0

[Event "Mundial Juvenil femenino 2005 s16"]
[Site "Belfort FRA"]
[Date "2005.07.19"]
[Round "1.1"]
[White "Iurascu, Mihaela"]
[Black "Harika, Dronavalli"]
[Result "0-1"]
[WhiteElo "1901"]
[BlackElo "2396"]
[PlyCount "46"]
[EventDate "2005.07.19"]
[EventType "swiss"]
[EventRounds "11"]
[EventCountry "FRA"]
[Source "lmi"]
[SourceDate "2005.07.31"]

1. c4 g6 2. Nc3 c5 3. g3 Bg7 4. Bg2 Nc6 5. d3 d6 6. e4 e6 7. Nge2 Nge7 8. O-O
O-O 9. Be3 Nd4 10. Qd2 Re8 11. f4 Rb8 12. h3 a6 13. g4 b5 14. Ng3 f5 15. Rac1
Kh8 16. Qf2 Rf8 17. Nce2 Nxe2+ 18. Qxe2 bxc4 19. Rxc4 Rxb2 20. Rc2 Rxc2 21.
Qxc2 Qe8 22. Rb1 e5 23. exf5 gxf5 0-1

[Event "Mundial Juvenil femenino 2005 s16"]
[Site "Belfort FRA"]
[Date "2005.07.19"]
[Round "1.2"]
[White "Gunina, Valentina"]
[Black "Ferry, Justine"]
[Result "1-0"]
[WhiteElo "2394"]
[BlackElo "1876"]
[PlyCount "90"]
[EventDate "2005.07.19"]
[EventType "swiss"]
[EventRounds "11"]
[EventCountry "FRA"]
[Source "lmi"]
[SourceDate "2005.07.31"]

1. d4 d5 2. c4 e6 3. Nf3 Be7 4. Nc3 Nf6 5. Bg5 h6 6. Bh4 O-O 7. e3 b6 8. cxd5
exd5 9. Be2 Bb7 10. O-O Nbd7 11. Qb3 Re8 12. Rfd1 Ne4 13. Bxe7 Qxe7 14. Nxe4
dxe4 15. Ne1 Nf6 16. Rac1 Nd5 17. Bb5 Red8 18. Nc2 c6 19. Bc4 Rac8 20. Bxd5
cxd5 21. Na3 Qd7 22. Nb5 Bc6 23. a4 a6 24. Nc3 Qb7 25. Rd2 b5 26. axb5 axb5 27.
Na2 Be8 28. Rdc2 Rxc2 29. Rxc2 Rc8 30. Rxc8 Qxc8 31. Qxd5 Qc2 32. h3 Bc6 33.
Qd8+ Kh7 34. Nb4 Qxb2 35. Qe7 Qc1+ 36. Kh2 Qc4 37. Qd6 Ba8 38. d5 Qf1 39. Qf4
Qb1 40. Qf5+ Kg8 41. Qc8+ Kh7 42. d6 Qxb4 43. d7 Qd6+ 44. g3 Qd2 45. Kg2 Qe2
1-0

[Event "Mundial Juvenil femenino 2005 s16"]
[Site "Belfort FRA"]
[Date "2005.07.19"]
[Round "1.4"]
[White "Gomes, Mary Ann"]
[Black "Carlsen, Ellen Oen"]
[Result "1-0"]
[WhiteElo "2265"]
[BlackElo "1866"]
[PlyCount "37"]
[EventDate "2005.07.19"]
[EventType "swiss"]
[EventRounds "11"]
[EventCountry "FRA"]
[Source "lmi"]
[SourceDate "2005.07.31"]

1. Nf3 g6 2. c4 Bg7 3. Nc3 f5 4. d4 Nf6 5. g3 O-O 6. Bg2 d6 7. O-O c6 8. d5 e5
9. dxe6 Bxe6 10. Qd3 Na6 11. Bf4 Ne4 12. Nd4 Bxd4 13. Qxd4 d5 14. cxd5 Nxc3 15.
Qxc3 Bxd5 16. Rfd1 Qe7 17. Rxd5 cxd5 18. Bxd5+ Rf7 19. Bh6 1-0

[Event "Mundial Juvenil femenino 2005 s16"]
[Site "Belfort FRA"]
[Date "2005.07.19"]
[Round "1.5"]
[White "Yilmaz, Ezgi"]
[Black "Ignacz, Maria"]
[Result "0-1"]
[WhiteElo "1866"]
[BlackElo "2265"]
[PlyCount "76"]
[EventDate "2005.07.19"]
[EventType "swiss"]
[EventRounds "11"]
[EventCountry "FRA"]
[Source "lmi"]
[SourceDate "2005.07.31"]

1. e4 c5 2. Nf3 a6 3. c4 d6 4. d4 cxd4 5. Nxd4 Nf6 6. Nc3 Nbd7 7. Bd3 e6 8. O-O
Be7 9. b3 O-O 10. Bb2 Qc7 11. Rc1 b6 12. Bb1 Bb7 13. Qd3 Rac8 14. Rfe1 Qb8 15.
Qh3 Rfe8 16. Re3 Nf8 17. Rg3 Ng6 18. Re3 Rc5 19. Nd5 exd5 20. exd5 Bf8 21. Rce1
Rxe3 22. Rxe3 Rc8 23. g4 Re8 24. g5 Rxe3 25. fxe3 Ne8 26. Qg3 b5 27. h4 bxc4
28. h5 Ne5 29. e4 Qc8 30. Ne2 cxb3 31. axb3 Qg4 32. Qxg4 Nxg4 33. Nd4 Be7 34.
Nf5 Bxg5 35. Bxg7 Nxg7 36. Nxd6 Ba8 37. Nc4 Nxh5 38. d6 Bc6 0-1

[Event "Mundial Juvenil femenino 2005 s16"]
[Site "Belfort FRA"]
[Date "2005.07.19"]
[Round "1.6"]
[White "Foisor, Sabina-Francesca"]
[Black "Jalloul, Maya M"]
[Result "1-0"]
[WhiteElo "2230"]
[BlackElo "1840"]
[PlyCount "71"]
[EventDate "2005.07.19"]
[EventType "swiss"]
[EventRounds "11"]
[EventCountry "FRA"]
[Source "lmi"]
[SourceDate "2005.07.31"]

1. d4 Nf6 2. c4 g6 3. Nc3 Bg7 4. e4 d6 5. f3 O-O 6. Be3 e5 7. d5 Nbd7 8. Nge2
Ne8 9. Qd2 f5 10. O-O-O f4 11. Bf2 Nef6 12. Kb1 a6 13. Nc1 Rb8 14. b4 Qe7 15.
Nb3 b6 16. Be2 Bb7 17. Na4 Ba8 18. Nb2 Rfc8 19. Rc1 c5 20. dxc6 Rxc6 21. Rhd1
Bf8 22. Ka1 Rbc8 23. Na4 Qe8 24. Nc3 R6c7 25. Nd5 Bxd5 26. cxd5 b5 27. Na5 Nb8
28. Bb6 Rxc1+ 29. Rxc1 Nfd7 30. Bf2 Be7 31. Rc2 Kf8 32. Qc1 Rxc2 33. Qxc2 Bd8
34. Nb7 Qe7 35. Qc8 Ke8 36. Ba7 1-0

[Event "Mundial Juvenil femenino 2005 s16"]
[Site "Belfort FRA"]
[Date "2005.07.19"]
[Round "1.8"]
[White "Mikadze, Miranda"]
[Black "Abdykerimova, Salamat"]
[Result "1-0"]
[WhiteElo "2210"]
[BlackElo "1599"]
[PlyCount "51"]
[EventDate "2005.07.19"]
[EventType "swiss"]
[EventRounds "11"]
[EventCountry "FRA"]
[Source "lmi"]
[SourceDate "2005.07.31"]

1. e4 c5 2. Nf3 e6 3. d3 Nc6 4. g3 Nge7 5. Bg2 g6 6. O-O Bg7 7. c3 d5 8. Nbd2
O-O 9. Re1 dxe4 10. dxe4 Qc7 11. Qe2 b6 12. e5 a5 13. Nc4 Ba6 14. Qe4 Rfd8 15.
a4 Rab8 16. Nfd2 Bb7 17. Qe2 Ba8 18. f4 Nd5 19. Ne4 Nce7 20. Bd2 Bc6 21. Ncd6
Nc8 22. Nb5 Qd7 23. Rad1 Bxb5 24. axb5 Qe7 25. b3 Nc7 26. c4 1-0

[Event "Mundial Juvenil femenino 2005 s16"]
[Site "Belfort FRA"]
[Date "2005.07.19"]
[Round "1.9"]
[White "Alavi Hour, Homa"]
[Black "Saheli, Nath"]
[Result "0-1"]
[WhiteElo "1599"]
[BlackElo "2187"]
[PlyCount "66"]
[EventDate "2005.07.19"]
[EventType "swiss"]
[EventRounds "11"]
[EventCountry "FRA"]
[Source "lmi"]
[SourceDate "2005.07.31"]

1. d4 Nf6 2. Nf3 g6 3. Bg5 Bg7 4. Nbd2 d6 5. e4 O-O 6. Bc4 c6 7. O-O Qc7 8. c3
e5 9. dxe5 dxe5 10. Qc2 Nbd7 11. Be2 Nc5 12. b4 Ne6 13. Bh4 Nf4 14. Nc4 N6h5
15. Rfd1 Bg4 16. Bf1 b5 17. Ncd2 a5 18. c4 axb4 19. cxb5 c5 20. Rdc1 Bxf3 21.
Nxf3 Ne6 22. Rab1 Bh6 23. Rd1 Ra3 24. Rb3 Rxb3 25. Qxb3 g5 26. Bg3 Nhf4 27. Bc4
Nd4 28. Nxd4 exd4 29. a3 bxa3 30. Qxa3 g4 31. Bh4 Qe5 32. Qg3 Kh8 33. Bd5 Ne2+
0-1

[Event "Mundial Juvenil femenino 2005 s16"]
[Site "Belfort FRA"]
[Date "2005.07.19"]
[Round "1.10"]
[White "Leks, Hanna"]
[Black "Albano Jeremias, Bianca"]
[Result "1-0"]
[WhiteElo "2173"]
[BlackElo "1599"]
[PlyCount "65"]
[EventDate "2005.07.19"]
[EventType "swiss"]
[EventRounds "11"]
[EventCountry "FRA"]
[Source "lmi"]
[SourceDate "2005.07.31"]

1. e4 e6 2. d4 d5 3. Nc3 Nf6 4. e5 Nfd7 5. f4 c5 6. Nf3 Nc6 7. Be3 Qb6 8. Na4
Qa5+ 9. c3 cxd4 10. b4 Qc7 11. Nxd4 Nxd4 12. Bxd4 Be7 13. Bd3 O-O 14. O-O f6
15. Qe2 Nb8 16. b5 Nd7 17. g4 Nc5 18. exf6 gxf6 19. Nxc5 Bxc5 20. Rf3 Bxd4+ 21.
cxd4 Rf7 22. Kh1 Rg7 23. Rg1 Bd7 24. g5 f5 25. Qf2 Qa5 26. Rh3 Bxb5 27. Qe2 Bd7
28. Qe5 Rf8 29. Rh6 Rg6 30. Be2 Rxh6 31. gxh6+ Kf7 32. Bh5+ Ke7 33. Qg7+ 1-0

[Event "Mundial Juvenil femenino 2005 s16"]
[Site "Belfort FRA"]
[Date "2005.07.19"]
[Round "1.12"]
[White "Zapata, Talia"]
[Black "Bold, Sarantungalag"]
[Result "0-1"]
[WhiteElo "2152"]
[BlackElo "1599"]
[PlyCount "108"]
[EventDate "2005.07.19"]
[EventType "swiss"]
[EventRounds "11"]
[EventCountry "FRA"]
[Source "lmi"]
[SourceDate "2005.07.31"]

1. d4 f5 2. c4 Nf6 3. Nc3 e6 4. Bg5 h6 5. Bxf6 Qxf6 6. Nf3 Bb4 7. Qc2 Nc6 8.
Rd1 d5 9. a3 Bxc3+ 10. Qxc3 O-O 11. e3 Ne7 12. Be2 c6 13. O-O Ng6 14. b4 f4 15.
b5 Bd7 16. bxc6 Bxc6 17. Ne5 Nxe5 18. dxe5 Qg5 19. Bf3 Rac8 20. exf4 Qxf4 21.
Rb1 b6 22. Rb4 d4 23. Qd3 Bxf3 24. Qxf3 Qxe5 25. Qh3 Rc6 26. Qd3 Qc5 27. f3 a5
28. Rb5 Qxc4 29. Qxc4 Rxc4 30. Rxb6 Kf7 31. Rd1 Rd8 32. Rb5 Ra4 33. Rd3 Rc8 34.
Rbb3 Kf6 35. g3 e5 36. Kg2 Rac4 37. g4 R8c6 38. Kf1 a4 39. Rb2 Rc3 40. Rbd2 Rb6
41. h4 Rbb3 42. Rxc3 Rxc3 43. Kf2 Rxa3 44. Rc2 Rc3 45. Rb2 Rc6 46. Ra2 Ra6 47.
Ra3 Ke6 48. Ke2 Kd5 49. Kd3 Kc5 50. Ke4 Kb4 51. Ra1 Ra5 52. f4 exf4 53. Kxf4
Kc3 54. Rc1+ Kb2 0-1

[Event "Mundial Juvenil femenino 2005 s16"]
[Site "Belfort FRA"]
[Date "2005.07.19"]
[Round "1.13"]
[White "Boudechiche, Maroua"]
[Black "Robles Garcia, Claudia"]
[Result "0-1"]
[WhiteElo "1599"]
[BlackElo "2144"]
[PlyCount "48"]
[EventDate "2005.07.19"]
[EventType "swiss"]
[EventRounds "11"]
[EventCountry "FRA"]
[Source "lmi"]
[SourceDate "2005.07.31"]

1. e4 d6 2. d4 Nf6 3. Nc3 g6 4. Nf3 Bg7 5. Be2 O-O 6. O-O c6 7. a4 a5 8. h3 Na6
9. Be3 Nb4 10. Qd2 d5 11. e5 Ne8 12. Bh6 f6 13. Bf4 Bf5 14. Rac1 Nc7 15. exf6
exf6 16. Nh2 Qd7 17. Bg4 Bxg4 18. Nxg4 Ne6 19. Be3 f5 20. Nh2 f4 21. Bxf4 Nxf4
22. Rfe1 Qf5 23. Re3 Qg5 24. f3 Nxg2 0-1

[Event "Mundial Juvenil femenino 2005 s16"]
[Site "Belfort FRA"]
[Date "2005.07.19"]
[Round "1.14"]
[White "Benmesbah, Natacha"]
[Black "Carreras Mendiolea, Paulina Adriana"]
[Result "1-0"]
[WhiteElo "2127"]
[BlackElo "1599"]
[PlyCount "112"]
[EventDate "2005.07.19"]
[EventType "swiss"]
[EventRounds "11"]
[EventCountry "FRA"]
[Source "lmi"]
[SourceDate "2005.07.31"]

1. e4 c5 2. b3 e6 3. Nf3 d5 4. exd5 exd5 5. d4 Nf6 6. Bb5+ Nbd7 7. O-O Be7 8.
dxc5 Bxc5 9. Qe2+ Ne4 10. Nc3 O-O 11. Nxe4 dxe4 12. Qxe4 Nf6 13. Qh4 Qb6 14.
Bd3 Qb4 15. Bf4 Re8 16. a3 Qb6 17. Be5 h6 18. Bxf6 Qxf6 19. Qxf6 gxf6 20. b4
Bb6 21. Rfe1 Be6 22. h3 Rac8 23. Re4 Red8 24. a4 Bf5 25. Re7 Bxd3 26. cxd3 Rxd3
27. a5 Bc7 28. Kf1 Kf8 29. Rae1 Rb3 30. Rd7 Rc3 31. Ree7 Rc1+ 32. Ke2 Re8 33.
Rxe8+ Kxe8 34. Rd4 Rc2+ 35. Rd2 Rc4 36. Rd4 Rc2+ 37. Ke3 a6 38. Rd2 Rc4 39. Rb2
Kd7 40. Kd3 Rf4 41. Ke3 Kc6 42. Rc2+ Kd7 43. Rxc7+ Kxc7 44. Kxf4 Kc6 45. Nd4+
Kd5 46. Nf5 Kc4 47. Nd6+ Kxb4 48. Nxb7 Kb5 49. Ke4 Kc6 50. Nd8+ Kb5 51. Kd5
Kxa5 52. Kc5 Ka4 53. Kc4 Ka5 54. Nxf7 h5 55. Kc5 Ka4 56. Kd6 Kb3 1-0

[Event "Mundial Juvenil femenino 2005 s16"]
[Site "Belfort FRA"]
[Date "2005.07.19"]
[Round "1.15"]
[White "De Waal, Ingrid"]
[Black "Umudova, Nargiz"]
[Result "1-0"]
[WhiteElo "1599"]
[BlackElo "2121"]
[PlyCount "37"]
[EventDate "2005.07.19"]
[EventType "swiss"]
[EventRounds "11"]
[EventCountry "FRA"]
[Source "lmi"]
[SourceDate "2005.07.31"]

1. e4 c5 2. Nf3 Nc6 3. g3 Nf6 4. d3 d6 5. Bg2 g6 6. O-O Bg7 7. c3 O-O 8. Bf4
Rb8 9. Qd2 b5 10. Bh6 b4 11. Bxg7 Kxg7 12. c4 Qc7 13. Qe3 Bb7 14. h3 Rbc8 15.
Nbd2 Rfd8 16. Nh4 Nd4 17. Rac1 Qa5 18. e5 Bxg2 19. exf6+ 1-0

[Event "Mundial Juvenil femenino 2005 s16"]
[Site "Belfort FRA"]
[Date "2005.07.19"]
[Round "1.16"]
[White "Khudaya, Aliaksandra"]
[Black "Exler, Veronika"]
[Result "1-0"]
[WhiteElo "2117"]
[BlackElo "1599"]
[PlyCount "57"]
[EventDate "2005.07.19"]
[EventType "swiss"]
[EventRounds "11"]
[EventCountry "FRA"]
[Source "lmi"]
[SourceDate "2005.07.31"]

1. d4 d5 2. c4 e5 3. dxe5 d4 4. Nf3 Nc6 5. h3 Be6 6. b3 Bb4+ 7. Bd2 Bxd2+ 8.
Qxd2 a5 9. Na3 a4 10. b4 Qe7 11. c5 Rd8 12. Nc2 Bf5 13. Ncxd4 Nxd4 14. Nxd4
Qxe5 15. e3 Ne7 16. Rd1 Be6 17. Bb5+ c6 18. Bxa4 O-O 19. O-O Qh5 20. f3 Rd5 21.
Bb3 Bxh3 22. Bxd5 Nxd5 23. gxh3 Qxh3 24. Rf2 Re8 25. e4 Nc7 26. Rg2 h6 27. Qf4
Na6 28. Nf5 g5 29. Rxg5+ 1-0

[Event "Mundial Juvenil femenino 2005 s16"]
[Site "Belfort FRA"]
[Date "2005.07.19"]
[Round "1.17"]
[White "Fitzpatrick, Chantal"]
[Black "Hamrakulova, Yulduz"]
[Result "0-1"]
[WhiteElo "1599"]
[BlackElo "2114"]
[PlyCount "70"]
[EventDate "2005.07.19"]
[EventType "swiss"]
[EventRounds "11"]
[EventCountry "FRA"]
[Source "lmi"]
[SourceDate "2005.07.31"]

1. e4 c6 2. Nc3 d5 3. d3 e5 4. exd5 cxd5 5. f4 Nc6 6. a3 Bc5 7. Nf3 Bg4 8. Be2
Nge7 9. Nxe5 Bxe2 10. Nxe2 Qb6 11. d4 Bxd4 12. Nxd4 Nxd4 13. Rb1 O-O 14. O-O
Nxc2+ 15. Rf2 Rfc8 16. Bd2 f6 17. Nf3 Nf5 18. Qe2 Nce3 19. Bxe3 Nxe3 20. Ne1
Re8 21. Qf3 Rad8 22. Kh1 Nc4 23. Re2 Rxe2 24. Qxe2 Qe3 25. Qg4 Qe4 26. Qd1 Qxf4
27. Nd3 Qd2 28. Qf3 Qe3 29. Qd1 Ne5 30. Nb4 Qe4 31. Rc1 a5 32. Nc2 Nd3 33. Rb1
Nf2+ 34. Kg1 Nxd1 35. Rxd1 Qxc2 0-1

[Event "Mundial Juvenil femenino 2005 s16"]
[Site "Belfort FRA"]
[Date "2005.07.19"]
[Round "1.18"]
[White "Pelletier, Katherine"]
[Black "Gjoreska, Nada"]
[Result "1-0"]
[WhiteElo "2096"]
[BlackElo "1599"]
[PlyCount "105"]
[EventDate "2005.07.19"]
[EventType "swiss"]
[EventRounds "11"]
[EventCountry "FRA"]
[Source "lmi"]
[SourceDate "2005.07.31"]

1. e4 e5 2. Nf3 Nc6 3. Bc4 Bc5 4. c3 d6 5. d3 h6 6. O-O Bg4 7. Nbd2 Na5 8. Bb5+
c6 9. Ba4 b5 10. Bc2 b4 11. Re1 Nb7 12. h3 Bh5 13. Nf1 Bxf3 14. Qxf3 Qf6 15.
Qe2 Ne7 16. Ne3 Nd8 17. Ng4 Qg6 18. d4 h5 19. Nxe5 dxe5 20. dxc5 bxc3 21. bxc3
Qf6 22. Be3 g5 23. Qd2 Rg8 24. g3 Ne6 25. Rad1 h4 26. g4 Qf3 27. Kh2 Ng6 28.
Qe2 Qxe2 29. Rxe2 Ke7 30. Rd6 Ngf4 31. Red2 Rac8 32. Ba4 Rc7 33. Bxc6 Rd8 34.
Ba4 Nxc5 35. Bxc5 Rxc5 36. Rxd8 Rxc3 37. R8d7+ Kf8 38. Bb3 Rxh3+ 39. Kg1 Rc3
40. Rxf7+ Ke8 41. Rxa7 Nd3 42. Rc2 Rxc2 43. Bxc2 Nf4 44. a4 Nh3+ 45. Kg2 Nf4+
46. Kh2 Ne6 47. a5 Kd8 48. a6 Nc7 49. Bd3 Kc8 50. Rb7 Kd7 51. a7 Kd6 52. Rxc7
Kxc7 53. a8=Q 1-0

[Event "Mundial Juvenil femenino 2005 s16"]
[Site "Belfort FRA"]
[Date "2005.07.19"]
[Round "1.19"]
[White "Guevara, Marisol K.n. Cruz"]
[Black "Gavrilova, Anastasia"]
[Result "0-1"]
[WhiteElo "1599"]
[BlackElo "2082"]
[PlyCount "70"]
[EventDate "2005.07.19"]
[EventType "swiss"]
[EventRounds "11"]
[EventCountry "FRA"]
[Source "lmi"]
[SourceDate "2005.07.31"]

1. e4 c6 2. d4 d5 3. Nc3 dxe4 4. Nxe4 Nd7 5. Nf3 Ngf6 6. Nxf6+ Nxf6 7. Bc4 e6
8. O-O Qc7 9. Re1 Be7 10. c3 O-O 11. Qc2 c5 12. Bg5 cxd4 13. cxd4 h6 14. Bh4 b5
15. Bd3 Qxc2 16. Bxc2 Bb7 17. Ne5 g5 18. Bg3 Rfd8 19. Rad1 Nh5 20. Rf1 Nxg3 21.
fxg3 f5 22. Bb3 Bd5 23. Bxd5 Rxd5 24. Nc6 Bf6 25. Rde1 Rd6 26. Ne5 Rad8 27. Rc1
Ra8 28. Nc6 Kg7 29. Rc5 Rc8 30. Nxa7 Bxd4+ 31. Kh1 Rxc5 32. b4 Rcd5 33. Rc1
Bxa7 34. Rc7+ Rd7 35. Rxd7+ Rxd7 0-1